00572nam a22001457a 450000500170000000800410001708200200005824500520007826000620013030000170019265000200020994200070022999900170023695201730025320260408113942.0260408b |||||||| |||| 00| 0 eng d a354.5491bDEM-G aDemands For Grants and Appropriations 2002-2003 aPakistan bGovernment of Pakistan Finance Division c2003 axvii, 358 p. aAllied Material cBK c47250d47250 00w2026-04-081040708Allied Material aAUSCbAUSCcAllied Materials d2026-04-08eGifted By Dr. Salman Hasan l0o354.5491 DEM-GpAUHEG0007r2026-04-08 11:42:03yBK